00363nam a2200109Ia 4500008004100000041000800041100001700049245010500066260004700171300000800218700002700226250110s9999 xx 000 0 und d aeng aMutha Rutuja aLandscape Development Proposal For Reinterpretation Of Delhi Gate And Surrounding Area At Aurangabad bBNCA M Arch Environment Architecturec2022 a49p aGuide Name:Sharma Ritu